| 000 | 00771cab a2200241 4500 | ||
|---|---|---|---|
| 001 | ABS47686 | ||
| 008 | 090401t1992 xxu||||| |||| 00| 0 eng d | ||
| 035 | _a(Sirsi) u63050 | ||
| 041 | _aeng | ||
| 100 | _aLightman, S. | ||
| 245 | _aVAT: the Law of Distress Amendment Act 1908 | ||
| 260 | _c1992 | ||
| 350 | _a0 | ||
| 490 |
_aEstates Gazette _v(9246) 21 November 1992, 88-89(2) |
||
| 520 | _aConsiders the VAT implications for a landlord recovering rent where a tenant is in arrear, pursuant to the Law of Distress Amendment Act 1908. | ||
| 650 | _aLAW OF DISTRESS AMENDMENT ACT 1908 | ||
| 650 | _aRENT ARREARS | ||
| 650 | _aVALUE ADDED TAX | ||
| 690 | _aLANDLORD AND TENANT-BUSINESS TENANCIES | ||
| 690 | _aTAXATION | ||
| 942 | _n0 | ||
| 948 | _c04/03/1997 | ||
| 999 |
_c39191 _d39191 |
||